Österreich, Tschechien, geteilt - getrennt - vereint
| Titel: | Österreich, Tschechien, geteilt - getrennt - vereint : Beitragsband und Katalog der Niederösterreichischen Landesausstellung 2009 ; [Horn, Raabs, Telč ; 18. April bis 1. November 2009] / Stefan Karner ... (Hg.) |
|---|---|
| Beteiligt: | |
| Körperschaft: | |
| Ausgabe: | 1. Aufl. |
| Veröffentlicht: | [Loosdorf] : Schallaburg Kulturbetriebsges., 2009 |
| Umfang: | 543 S. : zahlr. Ill., graph. Darst., Kt. ; 29 cm |
| Format: | Buch |
| Sprache: | Deutsch |
| Hinweise zum Inhalt: |
Inhaltsverzeichnis
|
X
alg: 21812304 001A $03004:17-11-09 001B $06055:01-03-26 $t18:28:21.000 001C $06051:29-08-11 $t21:46:23.000 001D $03004:18-01-10 001U $0utf8 001X $00 002@ $0Aau 003@ $0218123043 003O $0552451938 $aOCoLC 007A $0218123043 $aHEB 007G $0DE0208A3FCECBB60DE5BAC12579B200392651 009P $qapplication/pdf $A2 $3Inhaltsverzeichnis $uhttp://scans.hebis.de/HEBCGI/show.pl?21812304_toc.pdf $mV:DE-603;B:DE-Mb50 010@ $ager 011@ $a2009 013D $RKatalog $#Exhibition catalogs $#Expositions $#Cataloghi di esposizioni $#Ausstellungskatalog $D20251120 $Ecgmnf $74135467-9 $8Ausstellungskatalog [Tsz] $9085499846 013D $RVerzeichnis $RBibliografie $RInventar $RNeuerwerbungsliste $#Publishers' catalogs $#Catalogs $#Catalogs and collections $#Catalogues d'éditeurs $#Catalogues $#Cataloghi editoriali $#Catálogos de editores $#Catalog $#Bestandskatalog $#Bestandsverzeichnis Formschlagwort $D20251120 $Ecgmnf $74163417-2 $8Katalog [Ts1] $9085724890 021A $aÖsterreich, Tschechien, geteilt - getrennt - vereint $dBeitragsband und Katalog der Niederösterreichischen Landesausstellung 2009 ; [Horn, Raabs, Telč ; 18. April bis 1. November 2009] $hStefan Karner ... (Hg.) 028C $BHrsg. $#Karner, Stefan $#Karner, S. $7122547071 $8Karner, Stefan$Z1952- [Tp1] $9153685867 029F $#NÖ Landesausstellung, Horn, Niederösterreich u.a. 2009 $#Landesausstellung, Horn, Niederösterreich u.a. 2009 $#Niederösterreichische Landesausstellung Österreich. Tschechien. Geteilt - Getrennt - Vereint, Horn, Niederösterreich u.a. 2009 $#NÖ Landesausstellung Österreich. Tschechien. Geteilt - Getrennt - Vereint, Horn, Niederösterreich u.a. 2009 $#Landesausstellung Österreich. Tschechien. Geteilt - Getrennt - Vereint, Horn, Niederösterreich u.a. 2009 $#NÖ Landesausstellung 09 Horn.Raabs.Telč. $716178701-0 $8Niederösterreichische Landesausstellung$d2009$cHorn, Niederösterreich u.a. [Tf1] $9273721380 032@ $a1. Aufl. 033A $p[Loosdorf] $nSchallaburg Kulturbetriebsges. 034D $a543 S. 034I $a29 cm 034M $azahlr. Ill., graph. Darst., Kt. 044K $RÖsterreich $RÖsterreich-Ungarn $RErzherzogtum Österreich $#Österreich $#Österreich $#Österreich Zweite Republik $#Österreich Erste Republik $#Deutschösterreich $#Land Österreich $#Die @im Reichsrat Vertretenen Königreiche und Länder Österreich $#Zisleithanien $#Cisleithanien $#Habsburgermonarchie $#Habsburgerreich $#Ostmark Österreich $#Austrya $#Austrja $#Republik Österreich $#Bundesstaat Österreich $#Staat Deutschösterreich $#Kaisertum Österreich $#Kaiserthum Österreich $#Österreichische Monarchie $#Austria $#Autriche $#Ostmark $D20251120 $Ecgmnf $74043271-3 $8Österreich [Tgz] $9085120758 044K $RBöhmische Länder $RČeská SR $RTschechoslowakei $#Tschechien $#Tschechische Republik $#Tschechien $#Tschechische Republik $#Tschechenland $#Tschechei Tschechien $#Česká Republika $#Czech Republic $#ČR $D20251120 $Ecgmnf $74303381-7 $8Tschechien [Tg1] $9086659812 044K $RKulturbeziehungen $RInterkulturalität $RKulturvermittlung $RKulturwandel $#Intercultural communication $#Communication interculturelle $#Comunicazione interculturale $#Comunicación intercultural $#Interkulturelle Beziehungen $#interkulturelle Kommunikation $#Interkulturelle Kommunikation $#Kulturkontakt $#Interkulturelle Kommunikation $#Interkultureller Austausch $#Interkultureller Kontakt $#Kulturbegegnung $#Kulturberührung $#Interethnik $#Interethnische Beziehungen $D20251120 $Ecgmnf $74033569-0 $8Kulturkontakt [Ts1] $9085089664 044K $RProtektorat Böhmen und Mähren $RSlowakei $RSlowakei $RTschechien $#Tschechoslowakei $#Tschechoslowakei $#Tschechoslowakei $#Tschechische und Slowakische Föderative Republik $#République Tchéco-Slovaque $#Tchécoslovaquie $#Československá Federativní Republika $#Česká a Slovenská Federativní Republika $#Czech and Slovak Federal Republic $#ČSFR $#ČSSR $#ČSR $#RČS $#Československo $#Československá Socialistická Republika $#Československá Republika $#Tschechoslowakische Sozialistische Republik $#Tschechoslowakische Republik $#Tschechoslowakische Föderative Republik $#Republika Československá $#Czechoslovakia $#Čechoslovakische Republik $#République Tchécho-Slovaque $#Tchéchoslovaquie $#Czechoslovak Socialist Republic $#Checoeslovaquia $#Cecoslovacchia $#Čechoslovakija $#République tchécoslovaque $D20251120 $Ecgmnf $74078435-6 $8Tschechoslowakei [Tg1] $9085222305 044K $RInternationaler Konflikt $ROst-West-Beziehungen $#Cold War $#Guerre froide $#Guerra fredda $#Guerra fría $#Kalter Krieg $#Ost-West-Konflikt $#Kalter Krieg (Ost-West-Konflikt) $#Ost-West-Konflikt $#Ost-West-Gegensatz $#West-Ost-Konflikt $#Kalter Krieg $D20251120 $Ecgmnf $74075770-5 $8Ost-West-Konflikt [Ts1] $9085214612 044K $D20251120 $Ecgmnf $74249777-2 $8Eiserner Vorhang [Ts1] $9086319531 045F $a909 $eDDC23BSB 045F/01 $a909 045F/03 $g436 045F/03 $g4371 045F/03 $g437 045G $a900.943710904 $eDDC23BSB 045G/01 $a900 045G/03 $f0904 045G/03 $g4371 045G/03 $g436 045G/03 $g437 045H $a069.09436 $eDDC23BSB 045H/01 $a069 045H/03 $g436 046J $aAdresse des Verl.: 3382 Loosdorf, Schallaburg 1 047I $aLiteraturangaben lok: 21812304 24 101B $018-01-10 $t13:44:49.000 101C $018-01-10 101U $0utf8 145Z/01 $a20 7 A 145Z/02 $a21 7 A 145Z/03 $a23 7 A 145Z/04 $a20 7 R 145Z/05 $a21 7 R 145Z/06 $a23 7 R 145Z/07 $a22 7 R 145Z/08 $a23 7 P 145Z/09 $a21 7 P 145Z/10 $a22 7 P 145Z/11 $a21 15 D exp: 21812304 24 1 #EPN 201B/01 $018-01-10 $t13:44:49.000 201C/01 $017-11-09 201U/01 $0utf8 203@/01 $0584587147 208@/01 $a18-01-10 $bz 209A/01 $a09.7917 $du $f050 $h09 7917 $x00 209C/01 $a09.7917 K $h09 7917 K 209G/01 $a71786498 $x00 220C/01 $akon 247C/01 $8358050-7Marburg, Bibliothek des Herder-Instituts Marburg $9102600961
| LEADER | 00000cam a2200000 c 4500 | ||
|---|---|---|---|
| 001 | 218123043 | ||
| 003 | DE-603 | ||
| 005 | 20260301182821.0 | ||
| 007 | tu | ||
| 008 | 091117s2009 xx |||| | u00||u|ger c | ||
| 035 | |a (DE-599)HEB218123043 | ||
| 035 | |a (OCoLC)552451938 | ||
| 040 | |a DE-603 |b ger |c DE-603 |d DE-603 | ||
| 041 | |a ger | ||
| 082 | 0 | 4 | |8 1\u |a 909 |q DE-101 |2 23/BSB |
| 083 | 0 | |8 2\u |a 900.943710904 |q DE-101 |2 23/BSB | |
| 083 | 0 | |8 3\u |a 069.09436 |q DE-101 |2 23/BSB | |
| 085 | |8 1\u |b 909 | ||
| 085 | |8 1\u |z 2 |s 436 | ||
| 085 | |8 1\u |z 2 |s 4371 | ||
| 085 | |8 1\u |z 2 |s 437 | ||
| 085 | |8 2\u |b 900 | ||
| 085 | |8 2\u |z 1 |s 0904 | ||
| 085 | |8 2\u |z 2 |s 4371 | ||
| 085 | |8 2\u |z 2 |s 436 | ||
| 085 | |8 2\u |z 2 |s 437 | ||
| 085 | |8 3\u |b 069 | ||
| 085 | |8 3\u |z 2 |s 436 | ||
| 245 | 0 | 0 | |a Österreich, Tschechien, geteilt - getrennt - vereint |b Beitragsband und Katalog der Niederösterreichischen Landesausstellung 2009 ; [Horn, Raabs, Telč ; 18. April bis 1. November 2009] |c Stefan Karner ... (Hg.) |
| 250 | |a 1. Aufl. | ||
| 264 | 1 | |a [Loosdorf] |b Schallaburg Kulturbetriebsges. |c 2009 | |
| 300 | |a 543 S. |b zahlr. Ill., graph. Darst., Kt. |c 29 cm | ||
| 500 | |a Adresse des Verl.: 3382 Loosdorf, Schallaburg 1 | ||
| 520 | |a Literaturangaben | ||
| 650 | 7 | |a Kulturkontakt |0 (DE-588)4033569-0 |0 (DE-603)085089664 |2 gnd | |
| 650 | 7 | |a Ost-West-Konflikt |0 (DE-588)4075770-5 |0 (DE-603)085214612 |2 gnd | |
| 650 | 7 | |a Eiserner Vorhang |0 (DE-588)4249777-2 |0 (DE-603)086319531 |2 gnd | |
| 651 | 7 | |a Österreich |0 (DE-588)4043271-3 |0 (DE-603)085120758 |2 gnd | |
| 651 | 7 | |a Tschechien |0 (DE-588)4303381-7 |0 (DE-603)086659812 |2 gnd | |
| 651 | 7 | |a Tschechoslowakei |0 (DE-588)4078435-6 |0 (DE-603)085222305 |2 gnd | |
| 655 | 7 | |a Ausstellungskatalog |2 gnd-content |0 (DE-588)4135467-9 |0 (DE-603)085499846 | |
| 655 | 7 | |a Katalog |2 gnd-content |0 (DE-588)4163417-2 |0 (DE-603)085724890 | |
| 700 | 1 | |a Karner, Stefan |d 1952- |e Hrsg. |4 edt |0 (DE-603)153685867 |0 (DE-588)122547071 |2 gnd | |
| 711 | 2 | |a Niederösterreichische Landesausstellung |d 2009 |c Horn, Niederösterreich u.a. |0 (DE-603)273721380 |0 (DE-588)16178701-0 |2 gnd | |
| 856 | 4 | 2 | |m V:DE-603;B:DE-Mb50 |q application/pdf |u http://scans.hebis.de/HEBCGI/show.pl?21812304_toc.pdf |3 Inhaltsverzeichnis |
| 924 | 0 | |9 Mb 50 |a (DE-603)584587147 |b DE-Mb50 |c HES |d c |g 09.7917 | |


